<?xml version="1.0" encoding="UTF-8"?>
<record
    xmlns:xsi="http://www.w3.org/2001/XMLSchema-instance"
    xsi:schemaLocation="http://www.loc.gov/MARC21/slim http://www.loc.gov/standards/marcxml/schema/MARC21slim.xsd"
    xmlns="http://www.loc.gov/MARC21/slim">

  <leader>01731nam a22002897a 4500</leader>
  <controlfield tag="005">20090717103510.0</controlfield>
  <controlfield tag="008">090714t        xxu||||| |||| 00| 0 hin d</controlfield>
  <datafield tag="010" ind1=" " ind2=" ">
    <subfield code="a">HIN-87296</subfield>
  </datafield>
  <datafield tag="020" ind1=" " ind2=" ">
    <subfield code="c">150.00</subfield>
  </datafield>
  <datafield tag="035" ind1=" " ind2=" ">
    <subfield code="a">HN-59642</subfield>
  </datafield>
  <datafield tag="037" ind1=" " ind2=" ">
    <subfield code="b">DBAD / PUB</subfield>
  </datafield>
  <datafield tag="040" ind1=" " ind2=" ">
    <subfield code="a">dpl</subfield>
    <subfield code="b">hn</subfield>
  </datafield>
  <datafield tag="082" ind1=" " ind2=" ">
    <subfield code="a">372.35044</subfield>
  </datafield>
  <datafield tag="100" ind1=" " ind2=" ">
    <subfield code="a"> &#x92E;&#x947;&#x939;&#x930;&#x93E;, &#x928;&#x935;&#x940;&#x928; </subfield>
  </datafield>
  <datafield tag="245" ind1=" " ind2=" ">
    <subfield code="a">&#x939;&#x92E;&#x93E;&#x930;&#x93E; &#x935;&#x93F;&#x936;&#x94D;&#x935; :</subfield>
    <subfield code="c">&#x928;&#x935;&#x940;&#x928; &#x92E;&#x947;&#x939;&#x930;&#x93E; &#x90F;&#x935;&#x902; &#x921;&#x940;.&#x90F;&#x928;.&#x916;&#x94B;&#x938;&#x932;&#x93E; &#x926;&#x94D;&#x935;&#x93E;&#x930;&#x93E; &#x938;&#x902;&#x92A;&#x93E;&#x926;&#x93F;&#x924; </subfield>
    <subfield code="b">&#x938;&#x93E;&#x92E;&#x93E;&#x928;&#x94D;&#x92F; &#x935;&#x93F;&#x91C;&#x94D;&#x91E;&#x93E;&#x928;-&#x936;&#x93F;&#x915;&#x94D;&#x937;&#x923;&#x903; &#x905;&#x927;&#x94D;&#x92F;&#x93E;&#x92A;&#x915;&#x94B;&#x902;  &#x915;&#x947; &#x932;&#x93F;&#x90F; &#x92A;&#x94D;&#x930;&#x92F;&#x94B;&#x917;-&#x92A;&#x941;&#x938;&#x94D;&#x924;&#x915; /</subfield>
  </datafield>
  <datafield tag="246" ind1=" " ind2=" ">
    <subfield code="a">Hamaaraa Vishwa</subfield>
    <subfield code="b">by Naveen Mehra and D.N.Khosala</subfield>
  </datafield>
  <datafield tag="260" ind1=" " ind2=" ">
    <subfield code="a">&#x928;&#x908; &#x926;&#x93F;&#x932;&#x94D;&#x932;&#x940;</subfield>
    <subfield code="b">&#x935;&#x93F;&#x91C;&#x94D;&#x91E;&#x93E;&#x928; &#x92A;&#x94D;&#x930;&#x917;&#x924;&#x93F; &#x92A;&#x94D;&#x930;&#x915;&#x93E;&#x936;&#x928; </subfield>
    <subfield code="c">2008</subfield>
  </datafield>
  <datafield tag="270" ind1=" " ind2=" ">
    <subfield code="a">39, &#x90F;&#x928;.&#x92A;&#x940;.&#x90F;&#x932;. &#x905;&#x92A;&#x93E;&#x930;&#x94D;&#x91F;&#x92E;&#x947;&#x91F;&#x94D;&#x938;, &#x90F;&#x91A;-3 &#x92C;&#x94D;&#x932;&#x949;&#x915; &#x935;&#x93F;&#x915;&#x93E;&#x938;&#x92A;&#x941;&#x930;&#x940; </subfield>
    <subfield code="b">&#x928;&#x908; &#x926;&#x93F;&#x932;&#x94D;&#x932;&#x940;</subfield>
    <subfield code="e">110018</subfield>
  </datafield>
  <datafield tag="300" ind1=" " ind2=" ">
    <subfield code="a">128&#x92A;&#x943;..</subfield>
    <subfield code="c">22&#x938;&#x947;&#x92E;&#x940;  (&#x938;&#x91C;&#x93F;&#x932;&#x94D;&#x926;) </subfield>
    <subfield code="b">&#x938;&#x91A;&#x93F;&#x924;&#x94D;&#x930; </subfield>
  </datafield>
  <datafield tag="490" ind1=" " ind2=" ">
    <subfield code="a">&#x935;&#x93F;&#x91C;&#x94D;&#x91E;&#x93E;&#x928;-&#x936;&#x93F;&#x915;&#x94D;&#x937;&#x923; &#x915;&#x940; &#x928;&#x908; &#x935;&#x93F;&#x927;&#x93F;&#x92F;&#x93E;&#x902; </subfield>
  </datafield>
  <datafield tag="500" ind1=" " ind2=" ">
    <subfield code="a">&#x938;&#x92E;&#x93E;&#x928; ISBN 8190388525 &#x91C;&#x940;&#x935; &#x91C;&#x928;&#x94D;&#x924;&#x941; &#x935;&#x93F;&#x936;&#x94D;&#x935; &#x915;&#x94B;&#x936;-2</subfield>
  </datafield>
  <datafield tag="650" ind1=" " ind2=" ">
    <subfield code="a">&#x935;&#x93F;&#x91C;&#x94D;&#x91E;&#x93E;&#x928;</subfield>
    <subfield code="x">&#x905;&#x927;&#x94D;&#x92F;&#x92F;&#x928; &#x90F;&#x935;&#x902; &#x905;&#x927;&#x94D;&#x92F;&#x93E;&#x92A;&#x928;  </subfield>
  </datafield>
  <datafield tag="650" ind1=" " ind2=" ">
    <subfield code="a">Science</subfield>
    <subfield code="x">Study and teaching</subfield>
  </datafield>
  <datafield tag="700" ind1=" " ind2=" ">
    <subfield code="a">&#x916;&#x94B;&#x938;&#x932;&#x93E;, &#x921;&#x940;.&#x90F;&#x928;. </subfield>
  </datafield>
  <datafield tag="942" ind1=" " ind2=" ">
    <subfield code="2">ddc</subfield>
    <subfield code="c">HN</subfield>
    <subfield code="m">&#x92E;&#x947;&#x939;&#x930;&#x93E; </subfield>
    <subfield code="h">372.35044</subfield>
  </datafield>
  <datafield tag="999" ind1=" " ind2=" ">
    <subfield code="c">28345</subfield>
    <subfield code="d">28345</subfield>
  </datafield>
  <datafield tag="952" ind1=" " ind2=" ">
    <subfield code="0">0</subfield>
    <subfield code="1">0</subfield>
    <subfield code="2">ddc</subfield>
    <subfield code="4">0</subfield>
    <subfield code="7">1</subfield>
    <subfield code="a">DBAD</subfield>
    <subfield code="b">DBAD</subfield>
    <subfield code="d">2009-07-17</subfield>
    <subfield code="e">DBAD / PUB</subfield>
    <subfield code="g">150.00</subfield>
    <subfield code="l">0</subfield>
    <subfield code="o">372.35044 &#x92E;&#x947;&#x939;&#x930;&#x93E;</subfield>
    <subfield code="p">HN-59642</subfield>
    <subfield code="r">2009-07-17 00:00:00</subfield>
    <subfield code="t">1</subfield>
    <subfield code="v">150.00</subfield>
    <subfield code="w">2009-07-17</subfield>
    <subfield code="y">HN</subfield>
  </datafield>
</record>
